| 000 -LEADER |
| fixed length control field |
00446nam a22000977a 4500 |
| 008 - FIXED-LENGTH DATA ELEMENTS--GENERAL INFORMATION |
| fixed length control field |
180813b ||||| |||| 00| 0 eng d |
| 100 ## - MAIN ENTRY--AUTHOR'S NAME |
| Author's Name |
Raine, David |
| 245 ## - TITLE STATEMENT |
| Title |
Sir George Somers : a man and his times |
| 260 ## - PUBLICATION, DISTRIBUTION, ETC. (IMPRINT) |
| Date of publication, distribution, etc. |
1986 |
| Plate or publisher's number for music (Pre-AACR 2) [OBSOLETE, CAN/MARC], [LOCAL, USA] |
Pompano Publications |
| 650 ## - TOPICAL TERM (Tag) |
| Topical term or geographic name |
Somers, George, Sir, 1554-1610. Explorers--Great Britain--Biography. Merchant mariners--Great Britain--Biography. Virginia--History--Colonial period, ca. 1600-1775. Bermuda Islands--History. |